Mexican State Capitals on a Map Quiz Stats

 Plays Quiz not verified by Sporcle

Score 0/31 Timer 04:00
0 Plays Today
% Correct
Mexicali
88.2%
Chihuahua
88.2%
La Paz
86.4%
Monterrey
85.7%
Durango
84.7%
Hermosillo
83.4%
Guadalajara
82.8%
Aguascalientes
82.6%
Oaxaca
81.3%
Zacatecas
80.5%
San Luis Potosí
79.9%
Colima
79.5%
Puebla
79.3%
Campeche
76.9%
Mérida
76.8%
Ciudad Victoria
76.4%
% Correct
Saltillo
76%
Guanajuato
73.7%
Querétaro
70.7%
Tepic
70.7%
Culiacán
70%
Tlaxcala
69.6%
Morelia
69.5%
Villahermosa
67.8%
Xalapa
66.7%
Toluca
64.5%
Chetumal
61%
Tuxtla Gutiérrez
60.8%
Cuernavaca
58.2%
Pachuca
57.6%
Chilpancingo
56.3%

You're not logged in!

Compare scores with friends on all Sporcle quizzes.
OR
Log In

You Might Also Like...

Show Comments

Extras

Curator's Pick Oct 23, 2015ReportNominate
Tags:Capital Quiz, State Quiz, map, mexican, Mexican State

Top Quizzes Today


Score Distribution

Your Account Isn't Verified!

In order to create a playlist on Sporcle, you need to verify the email address you used during registration. Go to your Sporcle Settings to finish the process.

Report this User

Report this user for behavior that violates our Community Guidelines.

Details: